000 00292nam a2200133Ia 4500
100 _aVan Horne James
942 _cBK
654 _aFinancial
245 _aFinancial Management & Policy
260 _bprentice hall of india.
_c2001
082 _a658.15
300 _a720
546 _aENGLISH
999 _c29679
_d29679